Statistics for Yearly #1 Hit Songs in the U.S.

Click here to take the quiz!

General Stats

  • This quiz has been taken 69,899 times
    (16,297 since last reset)
  • The average score is 26 of 60

Answer Stats

YearSongMusical Act% Correct
2017Shape of YouEd Sheeran
90%
2011Rolling in the DeepAdele
89%
2019Old Town RoadLil Nas X
81%
2014HappyPharrell Williams
80%
2020Blinding LightsThe Weeknd
80%
1968Hey JudeThe Beatles
79%
1964I Want To Hold Your HandThe Beatles
79%
2018God's PlanDrake
78%
2010Tik TokKe$ha
78%
2003In da Club50 Cent
73%
2016Love YourselfJustin Bieber
73%
2021LevitatingDua Lipa
71%
2013Thrift ShopMacklemore and
Ryan Lewis
71%
1993I Will Always Love YouWhitney Houston
71%
1985Careless WhisperGeorge Michael
66%
1988FaithGeorge Michael
66%
2012Somebody That I Used
to Know
Gotye
64%
2009Boom Boom PowBlack Eyed Peas
63%
1995Gangsta's ParadiseCoolio
60%
1983Every Breath You TakeThe Police
59%
2015Uptown FunkMark Ronson
58%
1963Surfin' U.S.A.Beach Boys
57%
2004Yeah!Usher
57%
1997Candle in the WindElton John
56%
2007IrreplaceableBeyoncé
47%
2008LowFlo Rida
47%
2022Heat WavesGlass Animals
47%
1984When Doves CryPrince
47%
1966California Dreamin'
The Mamas &
the Papas
41%
1982PhysicalOlivia Newton-John
39%
1987Walk Like an EgyptianThe Bangles
39%
2002How You Remind MeNickelback
38%
1970Bridge Over Troubled WaterSimon & Garfunkel
38%
1999BelieveCher
37%
1980Call MeBlondie
35%
1991(Everything I Do)
I Do It for You
Bryan Adams
35%
2005We Belong TogetherMariah Carey
31%
1994The SignAce of Base
30%
2006Bad DayDaniel Powter
27%
1979My SharonaThe Knack
22%
1992End of the RoadBoyz II Men
21%
1996MacarenaLos del Rio
20%
1981Bette Davis EyesKim Carnes
18%
1969Sugar, SugarThe Archies
18%
1974The Way We WereBarbra Streisand
16%
1976Silly Love SongsWings
16%
1971Joy to the WorldThree Dog Night
14%
1975Love Will Keep Us TogetherCaptain & Tennille
13%
1986That's What Friends Are ForDionne Warwick
13%
1990Hold OnWilson Phillips
13%
2000BreatheFaith Hill
12%
2001Hanging by a MomentLifehouse
12%
1972The First Time Ever I
Saw Your Face
Roberta Flack
12%
1977Tonight's the Night
(Gonna Be Alright)
Rod Stewart
12%
1973Tie a Yellow Ribbon Round
the Ole Oak Tree
Tony Orlando and
Dawn
11%
1978Shadow DancingAndy Gibb
9%
1967To Sir With LoveLulu
9%
1989Look AwayChicago
7%
1998Too CloseNext
6%
1965Wooly BullySam the Sham and
the Pharaoh
6%

Score Distribution

Percentile by Number Answered

Percent of People with Each Score

Your Score History

You have not taken this quiz since the last reset